| 000 | 00695nam a2200253Ia 4500 | ||
|---|---|---|---|
| 003 | OSt | ||
| 005 | 20220926040320.0 | ||
| 006 | a|||||r|||| 00| 0 | ||
| 007 | ta | ||
| 008 | 220923b |||||||| |||| 00| 0 eng d | ||
| 037 | _cGeneral Book | ||
| 040 |
_aRTL _cRTL _beng |
||
| 041 |
_2eng _aeng |
||
| 082 | _aX:32, K4 | ||
| 110 |
_aNational Bureau of Economic Research _9317506 |
||
| 245 | 0 | _aBehavior of income shares | |
| 260 | _c1964 | ||
| 300 |
_a349p _ccm. |
||
| 490 | _aStudies Income and Wealth, 27 | ||
| 650 |
_aFunctional Distribution _9343237 |
||
| 700 |
_aNational Bureau of Economic Research _9317507 |
||
| 942 |
_hX:32, K4 _cGB _2CC |
||
| 999 |
_c664411 _d664411 |
||